000 00580nam a2200217Ia 4500
001 31846
008 140416s9999 xx 000 0 und d
020 _a0-17-011136-9
040 _cPK-LaUMT
082 _a 657.0994
_bCON-
100 _aBazley, Mike
245 _aContemporary accounting
_cBazley, Mike<>Berry, Aidan<>Hancock, Phil<>Jarvis, Robin
260 _aAustralia:
_bThomson,
_c2004
300 _a608 p.
546 _aEN
650 _aAccounting-Australia-Textbooks
700 _aBerry, Aidan
700 _aHancock, Phil
700 _aJarvis, Robin
942 _cBK
999 _c31888
_d31888